Marketingová komunikácia bakalárska práca

Enregistré dans:
Détails bibliographiques
Auteur principal: Smrek, Julián
Collectivité auteur: Podnikovohospodárska fakulta EU so sídlom v Košiciach. Katedra marketingu a obchodu
Autres auteurs: Pružinský, Michal, 1952-
Format: Livre
Langue:slovaque
Publié: Košice 2009
Tags: Ajouter un tag
Pas de tags, Soyez le premier à ajouter un tag!

MARC

LEADER 00000nam$a2200000$$$4500
001 0106483
005 20240319131750.5
041 0 |a slo 
044 |a SK 
245 1 0 |a Marketingová komunikácia  |b bakalárska práca  |c Julián Smrek ; škol. Michal Pružinský 
264 1 |a Košice  |c 2009 
300 |a 57 s. 
100 1 |a Smrek, Julián 
700 1 |a Pružinský, Michal, 1952- 
710 2 |a Podnikovohospodárska fakulta EU so sídlom v Košiciach. Katedra marketingu a obchodu